| 000 | 00615nam a2200205Ii 4500 | ||
|---|---|---|---|
| 003 | JO-AjNU | ||
| 008 | 230605s9999||||xx |||||||||||||| ||und|| | ||
| 040 |
_aJO-AjNU _bara _erda _cJO-AjNU |
||
| 041 | _aara | ||
| 050 | 1 | 4 | _aJC585.2013 |
| 100 | 3 |
_aالراشد ،محمد احمد, _eauthor _945576 |
|
| 245 | 0 | 0 | _aالردة عن الحرية |
| 250 | _a(د،ط) | ||
| 300 | _a63ص | ||
| 336 |
_atext _btxt _2rdacontent |
||
| 337 |
_aunmediated _bn _2rdamedia |
||
| 338 |
_avolume _bnc _2rdacarrier |
||
| 490 | 0 | _aسلسلة التوعية السياسية الاسلامية | |
| 650 | 4 |
_aالحرية _945577 |
|
| 999 |
_aA19767 _c23335 _d23335 |
||